=LDR 00000nam 2200000 4500 =001 INLIS000000000019847 =005 20130612114850 =008 ***********************************Ind** =035 ##$$0010-061300000019847 =041 ##$$a Ind =082 ##$$a 828.83 =090 ##$$a 828.83, Wea e =100 ##$$a Weale, Anne =245 ##$$a Caster in corsica, Anne Weak =260 ##$$a Mills $b London =300 ##$$a 200 hlm, 31 cm =650 ##$$a Kesusastraan Inggris-Penulisan =850 ##$$a NBPNMAT